Electronic instruments and instrumentation technology (Record no. 520)
[ view plain ]
| 000 -LEADER | |
|---|---|
| Fixed length control field | 00469nam a2200169 4500 |
| 003 - CONTROL NUMBER IDENTIFIER | |
| Control field | SEACOMEC |
| 005 - DATE AND TIME OF LATEST TRANSACTION | |
| Control field | 20240124154537.0 |
| 008 - FIXED-LENGTH DATA ELEMENTS--GENERAL INFORMATION | |
| Fixed length control field | 240124b |||||||| |||| 00| 0 eng d |
| 020 ## - INTERNATIONAL STANDARD BOOK NUMBER / ISBN | |
| Price | Rs.350.00 |
| 040 ## - CATALOGING SOURCE | |
| Original cataloging agency | SEACOMEC |
| 082 ## - DEWEY DECIMAL CLASSIFICATION NUMBER | |
| Classification number | 621.3815 |
| Book Number | A234 |
| 100 ## - MAIN ENTRY--PERSONAL NAME | |
| Personal name | Anand,M.M.S. |
| 245 1# - TITLE STATEMENT | |
| Title | Electronic instruments and instrumentation technology |
| Statement of responsibility | M.M.S. Ananda |
| 260 ## - IMPRINT | |
| Place of publication | New Delhi |
| Name of publisher | Prentice Hall |
| Date of publication | 2005 |
| 650 ## - SUBJECT ADDED ENTRY--TOPICAL TERM | |
| Topical term | Technology,Components and circuits |
| 942 ## - ADDED ENTRY ELEMENTS (KOHA) | |
| Koha item type | Books |
| Withdrawn status | Lost status | Source of classification | Damaged status | Not for loan | Home library | Current library | Date acquired | Total Checkouts | Call number | Accession number | Date last seen | Copy number | Price effective from | Koha item type |
|---|---|---|---|---|---|---|---|---|---|---|---|---|---|---|
| Dewey Decimal Classification | SEACOM ENGINEERING COLLEGE | SEACOM ENGINEERING COLLEGE | 05/06/2006 | 621.3815 A234 | 01787 | 24/01/2024 | 8 | 24/01/2024 | Books | |||||
| Dewey Decimal Classification | SEACOM ENGINEERING COLLEGE | SEACOM ENGINEERING COLLEGE | 05/06/2006 | 621.3815 A234 | 01788 | 24/01/2024 | 9 | 24/01/2024 | Books | |||||
| Dewey Decimal Classification | SEACOM ENGINEERING COLLEGE | SEACOM ENGINEERING COLLEGE | 05/06/2006 | 621.3815 A234 | 01789 | 24/01/2024 | 10 | 24/01/2024 | Books | |||||
| Dewey Decimal Classification | SEACOM ENGINEERING COLLEGE | SEACOM ENGINEERING COLLEGE | 05/06/2006 | 621.3815 A234 | 01790 | 24/01/2024 | 11 | 24/01/2024 | Books | |||||
| Dewey Decimal Classification | SEACOM ENGINEERING COLLEGE | SEACOM ENGINEERING COLLEGE | 05/06/2006 | 621.3815 A234 | 01791 | 24/01/2024 | 12 | 24/01/2024 | Books | |||||
| Dewey Decimal Classification | SEACOM ENGINEERING COLLEGE | SEACOM ENGINEERING COLLEGE | 05/06/2006 | 621.3815 A234 | 01792 | 24/01/2024 | 13 | 24/01/2024 | Books | |||||
| Dewey Decimal Classification | SEACOM ENGINEERING COLLEGE | SEACOM ENGINEERING COLLEGE | 05/06/2006 | 621.3815 A234 | 01793 | 24/01/2024 | 14 | 24/01/2024 | Books | |||||
| Dewey Decimal Classification | SEACOM ENGINEERING COLLEGE | SEACOM ENGINEERING COLLEGE | 05/06/2006 | 621.3815 A234 | 01794 | 24/01/2024 | 15 | 24/01/2024 | Books |
